| 000 | 00653cam a2200229 a 4500 | ||
|---|---|---|---|
| 001 | 17013695 | ||
| 005 | 20250127182029.0 | ||
| 008 | 100702s2010 ii v 001 0 eng d | ||
| 020 | _a9788170126522 (pbk.) | ||
| 020 | _a8170126525 (pbk.) | ||
| 050 | 0 | 0 |
_aKNS931 _b.S564 2010 |
| 082 | 0 | 4 |
_a346.54086 _222 |
| 100 | 0 |
_aSingh, Avtar, _d1932- |
|
| 245 | 1 | 0 |
_aLaw of insurance / _cAvtar Singh. |
| 250 | _a2nd ed. | ||
| 260 |
_aLucknow : _bEastern Book Co., _c2010. |
||
| 300 |
_alxiv, 470, 15 p. ; _c24 cm. |
||
| 500 | _aImprint on t.p. verso: Lucknow : EBC Pub. | ||
| 500 | _aIncludes index. | ||
| 650 | 0 |
_aInsurance law _zIndia. |
|
| 942 |
_2lcc _cBK _n0 |
||
| 999 |
_c3111 _d3111 |
||